000 00565nam a2200217Ia 4500
003 OSt
005 20220927104425.0
006 a|||||r|||| 00| 0
007 ta
008 220926b |||||||| |||| 00| 0 eng d
024 _a141120
037 _cReference Collections
040 _aRTL
_cRTL
_beng
041 _2eng
_aeng
082 _a"Wana,N52, J4/BB"
245 0 _aINTERNATIONAL BIBLIOGRAPHY OF Political Science. V
260 _c1954
650 _aMedicine
942 _h"Wana,N52, J4/BB"
_cCC
999 _c687289
_d687289